000 00304nam a22001337a 4500
008 190304b xxu||||| |||| 00| 0 eng d
020 _a49625
041 _aeng
080 _22nd
_a610
100 _a4
101 _aSHM
245 _aClinical Implications of Laboratory Tests
_cTilkian
942 _2udc
_cBK
999 _c54440
_d54440